Načítá se...
Ibnu Bathutha kanda Keralam
| Hlavní autor: | |
|---|---|
| Médium: | Printed Book |
| Vydáno: |
Thiruvananthapuram:
National Books Stall,
2014
|
| LEADER | 00354nam a22001097a 4500 | ||
|---|---|---|---|
| 100 | |a Velayudhan Panikkasseri | ||
| 245 | |a Ibnu Bathutha kanda Keralam | ||
| 260 | |a Thiruvananthapuram: |b National Books Stall, |c 2014 | ||
| 300 | |a 90p. | ||
| 942 | |c BK | ||
| 999 | |c 178205 |d 178205 | ||
| 952 | |0 0 |1 0 |4 0 |7 0 |9 197499 |a WMS |b WMS |c ST1 |d 2016-02-03 |i 1232 |l 0 |p WMS1232 |r 2016-02-03 |w 2016-02-03 |y BK | ||